| 000 | 01465nam a2200445 a 4500 | ||
|---|---|---|---|
| 003 | AR-BaBNM | ||
| 005 | 20251128204341.0 | ||
| 008 | 082120s2002 ||||||||||||||000 | spa|| | ||
| 040 | _cAR-BaBNM | ||
| 245 | 0 | 0 | _aDiferencias individuales y rendimiento escolar |
| 250 | _a1ª ed. | ||
| 260 |
_aBuenos Aires _bPaidós _c1978 |
||
| 300 | _a204 p. | ||
| 490 | 0 |
_aBiblioteca de psicopedagogía Paidós _vv. 1 |
|
| 500 | _aContiene lista de títulos pertenecientes a la colección al final de la edición | ||
| 650 | 4 | _aREFORMA DE LA EDUCACION | |
| 650 | 4 | _aCURRICULO | |
| 650 | 4 | _aPLANIFICACION DEL CURRICULO | |
| 650 | 4 | _aPLAN DE ESTUDIOS | |
| 650 | 4 | _aTEORIAS DEL APRENDIZAJE | |
| 650 | 4 | _aPROCESO DE APRENDIZAJE | |
| 650 | 4 | _aPROGRAMAS DE ENSEÑANZA | |
| 650 | 4 | _aSOCIOLOGIA DE LA EDUCACION | |
| 650 | 4 | _aROL DEL DOCENTE | |
| 653 | _aINVESTIGACION EDUCATIVA | ||
| 653 | _aPROBLEMAS EDUCATIVOS | ||
| 700 | 1 |
_aIlg, Frances L. _ecolaborador |
|
| 700 | 1 |
_aAmes, Louise Bertes _ecolaborador |
|
| 700 | 1 |
_aAsbell, Bernard _ecolaborador |
|
| 700 | 1 |
_aBush, Robert _ecolaborador |
|
| 700 | 1 |
_aFarson, Richard E. _ecolaborador |
|
| 700 | 1 |
_aFlanagan, John C. _ecolaborador |
|
| 700 | 1 |
_aGordon, Ira J. _ecolaborador |
|
| 700 | 1 |
_aJackson, Philip W. _ecolaborador |
|
| 700 | 1 |
_aNystrand, Raphael O. _ecolaborador |
|
| 700 | 1 |
_aStrodtbeck, Fred L. _ecolaborador |
|
| 700 | 1 |
_aKornitzer, Dora L. de _etraductor |
|
| 942 | _cBK | ||
| 998 | _cMARTIN | ||
| 999 |
_c7114 _d7114 |
||